「千」がつく市区町村名 - Statistics

General Stats
  • This quiz has been taken 80 times
  • The average score is 10 of 12
Answer Stats
都道府県・市名・地方名 市区町村名または県名 % Correct
関東地方 千葉県
100%
千葉県 千葉市
100%
東京都 千代田区
97%
群馬県 千代田町
97%
北海道 千歳市
92%
大阪府 千早赤坂村
84%
千葉県 八千代市
82%
長野県 千曲市
82%
茨城県 八千代町
82%
新潟県 小千谷市
81%
愛知県名古屋市 千種区
72%
宮崎県 高千穂町
64%
No matching quizzes found
Score Distribution
Percent of People with Each Score
Percentile by Number Answered
Your Score History
You have not taken this quiz